| Tag |
First Indicator |
Second Indicator |
Subfields |
| LEADER |
00000cam a22000004a 4500 |
| 001 |
in00001506513 |
| 005 |
20151021112221.0 |
| 008 |
990715s1999 ne a b 101 0 eng |
| 010 |
|
|
|a 99040883
|
| 015 |
|
|
|a GB99-67280
|
| 020 |
|
|
|a 0792359283 (hardbound : alk. paper)
|
| 035 |
|
|
|a (OCoLC)41944759
|
| 035 |
|
|
|9 AJL7749AM
|
| 040 |
|
|
|a DLC
|c DLC
|d UKM
|d C#P
|d TXA
|d UtOrBLW
|
| 042 |
|
|
|a pcc
|
| 049 |
|
|
|a TXAM
|
| 050 |
0 |
0 |
|a TA357
|b .I8953 1998
|
| 082 |
0 |
0 |
|a 629.132/3
|2 21
|
| 111 |
2 |
|
|a IUTAM Symposium on Mechanics of Passive and Active Flow Control
|d (1998 :
|c Göttingen, Germany)
|
| 245 |
1 |
0 |
|a IUTAM Symposium on Mechanics of Passive and Active Flow Control :
|b proceedings of the IUTAM Symposium held in Göttingen, Germany, 7-11 September 1998 /
|c edited by G.E.A. Meier and P.R. Viswanath.
|
| 246 |
3 |
0 |
|a Mechanics of Passive and Active Flow Control
|
| 264 |
|
1 |
|a Dordrecht ;
|a Boston :
|b Kluwer Academic,
|c [1999]
|
| 264 |
|
4 |
|c ©1999
|
| 300 |
|
|
|a xiv, 380 pages :
|b illustrations ;
|c 25 cm.
|
| 336 |
|
|
|a text
|b txt
|2 rdacontent
|
| 337 |
|
|
|a unmediated
|b n
|2 rdamedia
|
| 338 |
|
|
|a volume
|b nc
|2 rdacarrier
|
| 490 |
1 |
|
|a Fluid mechanics and its applications ;
|v v. 53
|
| 504 |
|
|
|a Includes bibliographical references and index.
|
| 650 |
|
0 |
|a Fluid dynamics
|v Congresses.
|
| 650 |
|
0 |
|a Boundary layer control
|v Congresses.
|
| 650 |
|
4 |
|a Fluid dynamics
|v Congresses.
|
| 650 |
|
4 |
|a Boundary layer control
|v Congresses.
|
| 700 |
1 |
|
|a Meier, Gerd E. A.
|q (Gerd Emil Alexander),
|d 1937-
|
| 700 |
1 |
|
|a Viswanath, P. R.
|
| 830 |
|
0 |
|a Fluid mechanics and its applications ;
|v v. 53.
|
| 948 |
|
|
|a c:cer
|
| 999 |
|
|
|a MARS
|
| 999 |
f |
f |
|s 437a6158-2c08-3170-8c5b-a7b107ec44d8
|i d61be52e-7fb5-3290-bb72-da858c526ba6
|t 0
|
| 952 |
f |
f |
|p ric
|a Texas A&M University
|b Rellis Campus
|c Joint Library Facility
|d Remote Storage
|t 0
|e TA357 .I8953 1998
|h Library of Congress classification
|i unmediated -- volume
|m A14825410497
|
| 998 |
f |
f |
|a TA357 .I8953 1998
|t 0
|l Remote Storage
|